000 00534nam a2200169Ia 4500
999 _c13696
_d13696
003 OSt
005 20201020110829.0
008 190216s9999||||xx |||||||||||||| ||und||
040 _coclc
082 _a810.80052
_bOLI/A
100 _aOliver, Egbert S
_94639
245 3 _aAn Anthology Of American Literature 1890-1965 /
_cEgbert S Oliver
260 _bEurasia Publishing House ,
_c1967.
_aNew Delhi:
300 _a595p
650 _aEnglish Literature
942 _cBK
_2ddc
_h810.80052
_iOLI/A
_k810.80052
_mOLI/A